| 000 | 00807pam a2200277 a 4500 | ||
|---|---|---|---|
| 001 | 2880150 | ||
| 003 | ARRUPE | ||
| 005 | 20131001165844.0 | ||
| 008 | 861124s1987 cau 000 1 eng | ||
| 010 | _a 86031817 | ||
| 020 | _a0151759200 | ||
| 040 |
_aDLC _cDLC _dDLC |
||
| 041 | 1 | _aengger | |
| 050 | 0 | 0 |
_aPT2613.R338 _bR313 1987 |
| 082 | 0 | 0 |
_a833/.914 _219 |
| 100 | 1 |
_aGrass, Günter, _d1927- _91955 |
|
| 240 | 1 | 0 |
_aRättin. _lEnglish |
| 245 | 1 | 4 |
_aThe rat / _cGünter Grass ; translated by Ralph Manheim. |
| 250 | _a1st ed. | ||
| 260 |
_aSan Diego : _bHarcourt Brace Jovanovich, _cc1987. |
||
| 300 |
_a371 p. ; _c25 cm. |
||
| 500 | _aTranslation of: Die Rättin. | ||
| 500 | _a"A Helen and Kurt Wolff book." | ||
| 906 |
_a7 _bcbc _corignew _d1 _eocip _f19 _gy-gencatlg |
||
| 942 |
_2lcc _cMONOGRAPH |
||
| 999 |
_c118210 _d118210 |
||